Korea and India: (Record no. 17008)

MARC details
000 -LEADER
fixed length control field 00842nam a22002297a 4500
005 - DATE AND TIME OF LATEST TRANSACTION
control field 20081020105238.0
008 - FIXED-LENGTH DATA ELEMENTS--GENERAL INFORMATION
fixed length control field 081020t xxu||||| |||| 00| 0 eng d
010 ## - LIBRARY OF CONGRESS CONTROL NUMBER
LC control number ENG-84041
020 ## - INTERNATIONAL STANDARD BOOK NUMBER
International Standard Book Number 8178271397
020 ## - INTERNATIONAL STANDARD BOOK NUMBER
Terms of availability 700.00 (hb)
035 ## - SYSTEM CONTROL NUMBER
System control number EN-67574
082 ## - DEWEY DECIMAL CLASSIFICATION NUMBER
Classification number 327.9519054 / KOR
245 ## - TITLE STATEMENT
Title Korea and India:
Remainder of title a forging relationship /
Statement of responsibility, etc edited by Sushila Narsimhan and Do Young Kim
260 ## - PUBLICATION, DISTRIBUTION, ETC. (IMPRINT)
Place of publication, distribution, etc New Delhi
Name of publisher, distributor, etc Manak Publications
260 ## - PUBLICATION, DISTRIBUTION, ETC. (IMPRINT)
Date of publication, distribution, etc 2005
300 ## - PHYSICAL DESCRIPTION
Extent xii,300p
Dimensions 22cm
500 ## - GENERAL NOTE
General note Includes bibliographical references and index
700 ## - ADDED ENTRY--PERSONAL NAME
Personal name Kim, Do Young
Titles and other words associated with a name ed
700 ## - ADDED ENTRY--PERSONAL NAME
Personal name Narsimhan, Sushila
Titles and other words associated with a name ed
942 ## - ADDED ENTRY ELEMENTS (KOHA)
Source of classification or shelving scheme Dewey Decimal Classification
Koha item type English Books
Classification part 327.9519054
Call number suffix KOR
Holdings
Withdrawn status Lost status Source of classification or shelving scheme Damaged status Not for loan Home library Current library Date acquired Cost, normal purchase price Total Checkouts Full call number Barcode Date last seen Copy number Cost, replacement price Price effective from Koha item type
    Dewey Decimal Classification   Not For Loan D.B.Act.Division D.B.Act.Division 22/02/2007 700.00   327.9519054 KOR EN-67574 21/10/2008 1 700.00 21/10/2008 English Books

© Delhi Public Library
Hit Counter
free hit counter